| 000 | 00387nam a22001577a 4500 | ||
|---|---|---|---|
| 020 | _a0-330-43988-X | ||
| 082 |
_a823 _bWIL/A |
||
| 100 | _aWILSON, ANNA | ||
| 245 |
_aNINA FAIRY BALLERINA _bSHOW TIME |
||
| 246 |
_aNINA FAIRY BALLERINA _bSHOW TIME |
||
| 260 |
_aLONDON _bMACMILLAN CHILDREN'S BOOKS _c2006 |
||
| 300 | _a73 | ||
| 520 | _aSHORT STORY | ||
| 650 | _aSHORT STORY | ||
| 942 | _cBK | ||
| 999 |
_c3206 _d3206 |
||